Last Nintendo Console First Party Games - Statistics

General Stats
  • This quiz has been taken 111 times
  • The average score is 7 of 11
Answer Stats
Console Franchise Game % Correct
WiiU The Legend of Zelda The Legend of Zelda: Breath of the Wild
88%
GameCube The Legend of Zelda The Legend of Zelda: Twilight Princess
80%
NES Wario Wario’s Woods
78%
SNES Star Fox Star Fox 2
72%
Gameboy Colour Wario Wario Land 3
72%
Gameboy Advance Rhythm Heaven Rhythm Tengoku
67%
DS Pokémon Pokémon Black 2/White 2
66%
Gameboy Wario Wario Land II
63%
3DS Kirby Kirby’s Extra Epic Yarn
41%
Wii Kiki Trick Kiki Trick
39%
N64 Mario Dr. Mario 64
28%
No matching quizzes found
Score Distribution
Percent of People with Each Score
Percentile by Number Answered
Your Score History
You have not taken this quiz